Social Security Explained 2010 : (Record no. 618395)

MARC details
000 -LEADER
fixed length control field 00477nam a2200181 a 4500
008 - FIXED-LENGTH DATA ELEMENTS--GENERAL INFORMATION
fixed length control field 260330s2010##################000#0#eng##
020 ## - INTERNATIONAL STANDARD BOOK NUMBER
ISBN 9780808022688
082 04 - DEWEY DECIMAL CLASSIFICATION NUMBER
Classification number 362
Item number SAC
100 1# - MAIN ENTRY--AUTHOR NAME
Personal name Sacks, Avram,
245 10 - TITLE STATEMENT
Title Social Security Explained 2010 :
260 ## - PUBLICATION, DISTRIBUTION, ETC. (IMPRINT)
Name of publisher Aspen Publishers,
Year of publication 2010.
650 #0 - SUBJECT ADDED ENTRY--TOPICAL TERM
Topical Term Health insurance.
942 ## - ADDED ENTRY ELEMENTS (KOHA)
Koha item type English Books
Holdings
Withdrawn status Lost status Damaged status Not for loan Home library Current library Shelving location Date acquired Full call number Accession Number Price effective from Koha item type
        Anna Centenary Library Anna Centenary Library 4TH FLOOR, A WING 30.03.2026 362 SAC 138712 30.03.2026 English Books

Find us on the map